000 00349nam a2200145Ia 4500
008 230711s9999||||xx |||||||||||||| ||und||
041 _aENG
082 _a621
_bAL-V
100 _aAltman,Rick
245 0 _aVentura power tools
250 _a1st Ed.
260 _c1989
_aNew Delhi
_bTech-Max-Book House
650 _aMechanical Engineering
942 _cBK
999 _c921
_d921